Measuring and modelling sustainable development
Kaydedildi:
| Asıl Yazarlar: | , , |
|---|---|
| Materyal Türü: | Kitap |
| Dil: | İngilizce |
| Baskı/Yayın Bilgisi: |
Carnforth
The Parthenon
2001
|
| Konular: | |
| Etiketler: |
Etiketle
Etiket eklenmemiş, İlk siz ekleyin!
|
MARC
| LEADER | 00000nam a2200000 a 4500 | ||
|---|---|---|---|
| 001 | UCL3995 | ||
| 003 | CL-VaPUC | ||
| 008 | 031219e20010000uk |||||||||||||||||eng|d | ||
| 020 | |a 1842140086 | ||
| 082 | 0 | 4 | |a 333.709411 |b MOF |2 21 |
| 100 | |a Moffatt, Ian |e autor |9 481447 | ||
| 700 | 0 | |a Hanley, Nick |e author |9 481448 | |
| 700 | 0 | |a Wilson, Mike D |e author |9 481449 | |
| 245 | 1 | 0 | |a Measuring and modelling sustainable development |
| 300 | |a 305 p | ||
| 942 | |c BK | ||
| 945 | |d 20031219 00:00:00 |a cmena | ||
| 260 | |a Carnforth |b The Parthenon |c 2001 | ||
| 650 | 0 | |a Desarrollo sustentable |9 333905 | |
| 650 | 0 | |a Protección del medio ambiente |9 257626 | |
| 650 | 0 | |a Ecología |9 258124 | |
| 651 | 7 | |a ESCOCIA |2 CL-VaPUC |9 332669 | |
| 583 | |a last modification |c 20171218 03:00:12 |k Rodrigo Vera | ||
| 999 | |c 306956 |d 306954 | ||
| 952 | |0 0 |1 0 |4 0 |6 333_709411000000000_MOF_2001 |7 0 |8 CCM |9 372416 |a BIBCUR |b BIBCUR |d 2019-11-21 |i 3977072 |o 333.709411 MOF 2001 |p 3977072 |r 2025-04-22 |w 2019-11-21 |y BK |k CIM | ||